مكتبة جامعة عجلون الوطنية

فهرس بحث المكتبة

Normal view MARC view
  • الرياضيات - تعليم وتعليم - المرحلة الثانوية- الاردن

Entry Topical Term

Number of records used in: 1

001 - CONTROL NUMBER

  • control field: 57626

003 - CONTROL NUMBER IDENTIFIER

  • control field: JO-AjAnu

005 - DATE AND TIME OF LATEST TRANSACTION

  • control field: 20230606083433.0

008 - FIXED-LENGTH DATA ELEMENTS

  • fixed length control field: 230606|| aca||aabn | a|a d

040 ## - CATALOGING SOURCE

  • Original cataloging agency: JO-AjAnu
  • Transcribing agency: JO-AjAnu

150 ## - HEADING--TOPICAL TERM

  • Topical term or geographic name entry element: الرياضيات - تعليم وتعليم - المرحلة الثانوية- الاردن

670 ## - SOURCE DATA FOUND

  • Source citation: Work cat.: (JO-AjAnu)29403: اعداد مقدادي، "محمد اقبال" شامخ حسن؛ اشراف احمد حسن القضاة, author 57625, اثر استخدام استراتيجية مدعمة بمهارات الثفكير الناقد في تنمية مهارة حل المشكلة لدى طلبة الصف التاسع الاساسي واتجاهاتهم نحو الرياضيات في الاردن=The Effect of using critical thinking strategy on developing prolem solving skils of the ninth grade students attitudes towards math,s in jordon